00942 a2200253 4500008004100000010001400041020002300055035001300078037001800091082001000109100002500119245007700144260004000221270005800261300003000319500004000349520002900389650003000418650003200448650002500480942004400505999001300549952012600562080820t xxu||||| |||| 00| 0 eng d aENG-84901 a817596281Xc425.00 aEN-68434 bD.B.Act / Pub a332.1 aJoshi, Deepali Pant. aSocial bankingbpromise, performamce, and potentialcDeepali Pant Joshi. aNew DelhibFoundation Books,c2006. a4381/4, Ansari Road, Darya GanjbDelhicDelhie110001 axi, 185 p. ;c24 cm. (Hb) aIncludes bibliographical references aWith reference to India. aBanks and bankingzIndia. aAgricultural creditzIndia. aRural creditzIndia. adplcENk332.1 / JOS2ddch332.1 m JOS c683d683 00104070aDBADbDBADd2008-08-20g425.00l0o332.1 JOSpEN-68434r2008-09-15 00:00:00t1u659v425.00w2008-09-15yEN